|
|
|
|
| LEADER |
01107nam a2200373 4500 |
| 001 |
DLU090097480 |
| 005 |
##20091201 |
| 040 |
# |
# |
|a DLU
|b eng
|
| 041 |
# |
# |
|a eng
|
| 044 |
# |
# |
|a us
|
| 100 |
# |
# |
|a Liu, Suya.
|
| 245 |
# |
# |
|a Neurosteroids in rat brain : Extraction, isolation, analysis by nanoscale liquid chromatography-electrospray mass spectrometry /
|c Suya Liu, Jan Sjovall, William J. Griffiths.
|
| 653 |
# |
# |
|a Brain
|
| 653 |
# |
# |
|a Cholesterol
|
| 653 |
# |
# |
|a Electrospray
|
| 653 |
# |
# |
|a Liquid chromatography
|
| 653 |
# |
# |
|a Mammalia
|
| 653 |
# |
# |
|a Mass spectrometry
|
| 653 |
# |
# |
|a Neurosteroid
|
| 653 |
# |
# |
|a Rat
|
| 653 |
# |
# |
|a Rodentia
|
| 653 |
# |
# |
|a Vertebrata
|
| 700 |
# |
# |
|a Griffiths, William J.
|
| 700 |
# |
# |
|a Sjovall, Jan.
|
| 773 |
# |
# |
|t Analytical Chemistry
|g Vol. 75, no. 21 (November 2003), p. 5835-5846
|
| 920 |
# |
# |
|a Phòng Tạp chí -- Trung tâm Thông tin - Thư viện Trường Đại học Đà Lạt
|
| 994 |
# |
# |
|a DLU
|
| 900 |
# |
# |
|a True
|
| 911 |
# |
# |
|a Trương Bảo Trâm Anh
|
| 925 |
# |
# |
|a G
|
| 926 |
# |
# |
|a A
|
| 927 |
# |
# |
|a BB
|
| 980 |
# |
# |
|a Thư viện Trường Đại học Đà Lạt
|